| 000 | 00668nam a22001937a 4500 | ||
|---|---|---|---|
| 003 | NUST-PNEC | ||
| 005 | 20170116180714.0 | ||
| 008 | 141016b xxu||||| |||| 00| 0 eng d | ||
| 020 | _a0333349016 | ||
| 040 | _cPNEC | ||
| 082 | _a503.09 BYN | ||
| 100 |
_9642 _aBynum, W.F. |
||
| 245 |
_aDictionary of the history of science (Macmillan) _cW. F. Bynum, E.J. Browne |
||
| 260 |
_aLondon : _b Macmillan Press, _c1981. |
||
| 300 |
_a494 pages : _b illustrations ; _c25 cm |
||
| 500 | _ahttp://www.amazon.com/Macmillan-Dictionary-History-Science/dp/0333349016/ref=sr_1_1?s=books&ie=UTF8&qid=1413441091&sr=1-1&keywords=0333349016 | ||
| 650 | _xGeneral | ||
| 942 |
_2ddc _cBK |
||
| 999 |
_c61084 _d61084 |
||